00319nam a22001337a 4500003000400000008004100004020001800045100001700063245004000080250001100120260003000131300000800161650001600169OSt201117b ||||| |||| 00| 0 eng d a9789352533312 aAhuja, H. L. aBusiness Economics : Microeconomics a13 ed  aNew DelhibS Chand c2019 a690 aB.Com. Hons